000 00512nam a22002057a 4500
003 UA-OsUOA
001 44398
007 ta
008 20101014b un ||||| |||| 00| 0 ukr d
090 _a94(477)/152K
942 _cNP
040 _aUA-OsUOA
_beng
_cUA-OsUOA
_dUA-OsUOA
245 _aImmigration History Research Center
955 _a1
041 _aeng
080 _a94(477)/152K
310 _aspring-summer, 2010
650 7 _a9 Географія. Біографії. Історія
_2UDC
999 _c424462
_d424462